| 000 | 00384 a2200169 4500 | ||
|---|---|---|---|
| 001 | 73425 | ||
| 020 | _a9788578527617 | ||
| 040 | _cAnchieta - Colégio São Paulo | ||
| 100 | _aBettes, Fábio | ||
| 240 | 1 | 0 |
_aLiteratura brasileira _lpor |
| 245 | 1 | 0 | _aLiteratura brasileira |
| 300 | _a48 | ||
| 362 | 0 | _a2005 | |
| 440 | 1 | _aPositivo | |
| 650 | 4 | _aLiteratura brasileira | |
| 942 | _cBK | ||
| 999 |
_c73425 _d73425 |
||